Largest Cities in Alabama - Statistics

General Stats
  • This quiz has been taken 13 times
  • The average score is 11 of 20
Answer Stats
Population City % Correct
202,234 Birmingham
100%
210,081 Huntsville
100%
187,445 Mobile
100%
201,022 Montgomery
100%
99,252 Tuscaloosa
83%
74,637 Auburn
75%
70,318 Dothan
67%
57,303 Decatur
50%
39,709 Florence
50%
34,317 Gadsden
50%
27,088 Daphne
42%
91,371 Hoover
42%
38,216 Phenix City
33%
38,504 Vestavia Hills
33%
33,133 Alabaster
25%
55,501 Madison
25%
30,334 Northport
25%
37,977 Prattville
25%
30,810 Opelika
17%
28,242 Enterprise
8%
No matching quizzes found
Score Distribution
Percent of People with Each Score
Percentile by Number Answered
Your Score History
You have not taken this quiz